<?xml version="1.0" encoding="UTF-8"?>
<record
    xmlns:xsi="http://www.w3.org/2001/XMLSchema-instance"
    xsi:schemaLocation="http://www.loc.gov/MARC21/slim http://www.loc.gov/standards/marcxml/schema/MARC21slim.xsd"
    xmlns="http://www.loc.gov/MARC21/slim">

  <leader>01533nam a22003497a 4500</leader>
  <controlfield tag="001">BRCA_9333</controlfield>
  <controlfield tag="003">FranzMayer</controlfield>
  <controlfield tag="005">20230918120726.0</controlfield>
  <controlfield tag="008">230825b        |||||||| |||| 00| 0 eng d</controlfield>
  <datafield tag="020" ind1=" " ind2=" ">
    <subfield code="a">0965380556</subfield>
  </datafield>
  <datafield tag="040" ind1=" " ind2=" ">
    <subfield code="a">MFM</subfield>
    <subfield code="b">esp</subfield>
    <subfield code="c">MFM</subfield>
  </datafield>
  <datafield tag="050" ind1=" " ind2="0">
    <subfield code="a">N529.C2</subfield>
    <subfield code="b">.N67 2001</subfield>
  </datafield>
  <datafield tag="110" ind1="1" ind2=" ">
    <subfield code="4">Responsable</subfield>
    <subfield code="a">The University of North Carolina at Chapel Hill</subfield>
    <subfield code="9">29167</subfield>
  </datafield>
  <datafield tag="240" ind1=" " ind2=" ">
    <subfield code="a">European Drawings</subfield>
    <subfield code="h">from the Collection of the Ackland Art Museum</subfield>
    <subfield code="l">Ingl&#xE9;s</subfield>
  </datafield>
  <datafield tag="245" ind1="0" ind2=" ">
    <subfield code="a">European Drawings</subfield>
    <subfield code="b">from the Collection of the Ackland Art Museum</subfield>
  </datafield>
  <datafield tag="260" ind1=" " ind2=" ">
    <subfield code="a">Carolina del Norte, EE. UU.</subfield>
    <subfield code="b">The University of North Carolina at Chapel Hill</subfield>
    <subfield code="c">2001</subfield>
  </datafield>
  <datafield tag="300" ind1=" " ind2=" ">
    <subfield code="a">254 p</subfield>
    <subfield code="b">Ilustraciones a color</subfield>
    <subfield code="c">30 cm</subfield>
  </datafield>
  <datafield tag="500" ind1=" " ind2=" ">
    <subfield code="a">Anexo 1</subfield>
  </datafield>
  <datafield tag="505" ind1=" " ind2=" ">
    <subfield code="a">Texto en: ingl&#xE9;sIncluye &#xED;ndice tem&#xE1;ticoIncluye &#xED;ndice de autoresDirigido a: artistas, muse&#xF3;grafos, historiadores de arte.</subfield>
  </datafield>
  <datafield tag="650" ind1="1" ind2=" ">
    <subfield code="2">Artes visuales</subfield>
    <subfield code="a">Museos y galerias</subfield>
    <subfield code="v">Exposiciones especiales</subfield>
    <subfield code="9">29168</subfield>
  </datafield>
  <datafield tag="651" ind1="2" ind2=" ">
    <subfield code="2">Museos de Estados Unidos de Am&#xE9;rica</subfield>
    <subfield code="a">Universidad de Carolina del Norte Chapel Hill</subfield>
    <subfield code="v">Ackland Art Museum</subfield>
    <subfield code="9">29169</subfield>
  </datafield>
  <datafield tag="700" ind1="1" ind2=" ">
    <subfield code="4">Resp</subfield>
    <subfield code="a">Gillham, Carol C.</subfield>
    <subfield code="9">29170</subfield>
  </datafield>
  <datafield tag="700" ind1="1" ind2=" ">
    <subfield code="4">Resp.</subfield>
    <subfield code="a">Wood, Carolyn H.</subfield>
    <subfield code="9">29171</subfield>
  </datafield>
  <datafield tag="700" ind1="1" ind2=" ">
    <subfield code="4">Cont.</subfield>
    <subfield code="a">Allmendiger, Carolyn M.</subfield>
    <subfield code="9">29172</subfield>
  </datafield>
  <datafield tag="700" ind1="1" ind2=" ">
    <subfield code="4">Cont.</subfield>
    <subfield code="a">Buck, Elizabeth, G.</subfield>
    <subfield code="9">29173</subfield>
  </datafield>
  <datafield tag="700" ind1="1" ind2=" ">
    <subfield code="4">Cont.</subfield>
    <subfield code="a">Clements, Catherine</subfield>
    <subfield code="9">29174</subfield>
  </datafield>
  <datafield tag="700" ind1="1" ind2=" ">
    <subfield code="4">Cont.</subfield>
    <subfield code="a">Keller-Brown, M. Catherine</subfield>
    <subfield code="9">29175</subfield>
  </datafield>
  <datafield tag="700" ind1="1" ind2=" ">
    <subfield code="4">Cont.</subfield>
    <subfield code="a">Riggs, Timothy</subfield>
    <subfield code="9">29176</subfield>
  </datafield>
  <datafield tag="700" ind1="1" ind2=" ">
    <subfield code="4">Cont.</subfield>
    <subfield code="a">Schroder, Anne L.</subfield>
    <subfield code="9">29177</subfield>
  </datafield>
  <datafield tag="700" ind1="1" ind2=" ">
    <subfield code="4">Cont.</subfield>
    <subfield code="a">Yonan, Michael E.</subfield>
    <subfield code="9">29178</subfield>
  </datafield>
  <datafield tag="942" ind1=" " ind2=" ">
    <subfield code="2">lcc</subfield>
    <subfield code="c">B</subfield>
  </datafield>
  <datafield tag="999" ind1=" " ind2=" ">
    <subfield code="c">10955</subfield>
    <subfield code="d">10955</subfield>
  </datafield>
  <datafield tag="952" ind1=" " ind2=" ">
    <subfield code="0">0</subfield>
    <subfield code="1">0</subfield>
    <subfield code="2">lcc</subfield>
    <subfield code="4">0</subfield>
    <subfield code="7">0</subfield>
    <subfield code="8">FCON</subfield>
    <subfield code="a">BRCA</subfield>
    <subfield code="b">BRCA</subfield>
    <subfield code="d">2023-08-25</subfield>
    <subfield code="l">0</subfield>
    <subfield code="o">N529.C2 .N67 2001</subfield>
    <subfield code="p">CONT10089</subfield>
    <subfield code="r">2023-08-25 00:00:00</subfield>
    <subfield code="w">2023-08-25</subfield>
    <subfield code="y">B</subfield>
  </datafield>
</record>
